000 00989nam0a2200241 4500
001 RU\NLR\BIBL_A\011691879
005 20250806210425.0
035 _a(NLR Aleph) 011691879
090 _a77436
_c77436
100 _a20180503d1945 m y0rusy50 ca
101 0 _achv
102 _aRU
105 _ay z 000 y
200 1 _a1945 ҫулта тырпул пухса кӗртесси тата ялхуҫалӑх продукчӗсем хатӗрлесси ҫинчен
_fСССР Совнаркомӗпе ВКП(б) Центр. Комитетӗнче
210 _aШупашкар
_cЧАССР гос. изд-ви
_d1945
215 _a31, [1] с.
_d21
541 1 _aОб уборке урожая и заготовках сельскохозяйственных продуктов в 1945 году
_zrus
686 1 _aУ9(2)32
852 _aNLR
_bОНЛ
_jЧув./2-572
942 _cBOOK
945 _aРоссийская национальная библиотека
980 _aBV